Statistics for Flags of Countries, Territories and Dependencies of the UK

Click here to take the quiz!

General Stats

  • This quiz has been taken 373 times
  • The average score is 15 of 21

Answer Stats

Answer% Correct
England
95%
Scotland
95%
Wales
94%
Isle of Man
90%
Gibraltar
84%
Jersey
77%
Falkland Islands
76%
Guernsey
76%
Bermuda
73%
British Virgin Islands
69%
Anguilla
65%
British Indian Ocean Territory
62%
Montserrat
62%
Cayman Islands
60%
Pitcairn, Henderson, Ducie and Oeno Islands
59%
South Georgia and the South Sandwich Islands
59%
British Antarctic Territory
58%
Turks and Caicos Islands
57%
Saint Helena
55%
Tristan da Cunha
50%
Ascension Island
43%

Score Distribution

Percentile by Number Answered

Percent of People with Each Score

Your Score History

You have not taken this quiz